| 000 | 01018nam a22002657a 4500 | ||
|---|---|---|---|
| 999 |
_c65979 _d65979 |
||
| 005 | 20240530110853.0 | ||
| 008 | 201102s2019 ua a g b 000 0dara d | ||
| 017 |
_a2018/22228 _bمصر. دار الكتب |
||
| 020 | _a9789773194666 | ||
| 040 |
_aEG-CaGPL _cEG-CaGPL |
||
| 082 | 0 | 4 |
_221 _a070.4496/ _bح ت |
| 100 | 0 | _aحسن فراج حسن | |
| 245 | 1 | 0 |
_aتكنولوجيا الاقناع فى تصميم مواقع الصحف الالكترونية / _cحسن فراج حسن |
| 250 | _aط.1 | ||
| 260 |
_aالقاهرة : _bالعربى للنشر و التوزيع، _c2019 |
||
| 300 |
_a296 ص. ؛ _c24 سم. |
||
| 504 | _aيشتمل على ارجاعات ببليوجرافية | ||
| 650 | 0 | 7 |
_2qrmak _aالصحافة الالكترونية |
| 650 | 0 | 7 |
_aالصحافة الالكترونية _xتصميم مواقع |
| 650 | 0 | 7 |
_2qrmak _aالصحف الالكترونية |
| 650 | 0 | 7 |
_2qrmak _aالصحافة |
| 651 | _2qrmak | ||
| 942 |
_2ddc _cBK |
||